La paz es una ofrenda = Peace is an offering / (Record no. 17369)

MARC details
000 -LEADER
fixed length control field 01605cam a2200445 i 4500
001 - CONTROL NUMBER
control field sjds1098103
003 - CONTROL NUMBER IDENTIFIER
control field sjds
005 - DATE AND TIME OF LATEST TRANSACTION
control field 20170606134058.0
008 - FIXED-LENGTH DATA ELEMENTS--GENERAL INFORMATION
fixed length control field 140115s2015 nyua a 000 1 eng
010 ## - LIBRARY OF CONGRESS CONTROL NUMBER
LC control number 2013050557
020 ## - INTERNATIONAL STANDARD BOOK NUMBER
International Standard Book Number 9780803740914 (hardcover)
020 ## - INTERNATIONAL STANDARD BOOK NUMBER
International Standard Book Number 0803740913 (hardcover)
020 ## - INTERNATIONAL STANDARD BOOK NUMBER
International Standard Book Number 9780399186707 (pbk.)
035 ## - SYSTEM CONTROL NUMBER
System control number 719139
035 ## - SYSTEM CONTROL NUMBER
System control number (OCoLC)868427857
035 ## - SYSTEM CONTROL NUMBER
System control number 710435
035 ## - SYSTEM CONTROL NUMBER
System control number 719139
040 ## - CATALOGING SOURCE
Original cataloging agency DLC
Language of cataloging eng
Description conventions rda
Transcribing agency DLC
Modifying agency IG#
-- BDX
-- YDXCP
-- BTCTA
-- CLE
-- NYP
-- OCLCO
041 ## - LANGUAGE CODE
Language code of text/sound track or separate title eng
-- spa
042 ## - AUTHENTICATION CODE
Authentication code pcc
-- lcac
049 ## - LOCAL HOLDINGS (OCLC)
Holding library IFAA
099 ## - LOCAL FREE-TEXT CALL NUMBER (OCLC)
Filing suffix 2015
999 ## - SYSTEM CONTROL NUMBERS (KOHA)
Koha Dewey Subclass [OBSOLETE] PICTURE BOOKS LEBOX 2015
100 1# - MAIN ENTRY--PERSONAL NAME
Personal name LeBox, Annette,
Relator term author.
245 13 - TITLE STATEMENT
Title La paz es una ofrenda = Peace is an offering /
Statement of responsibility, etc. words by Annette LeBox ; pictures by Stephanie Graegin ; traducción de Teresa Mlawer
246 ## - VARYING FORM OF TITLE
Title proper/short title La paz es una ofrenda
246 ## - VARYING FORM OF TITLE
Title proper/short title Peace is an offering
260 ## - PUBLICATION, DISTRIBUTION, ETC. (IMPRINT)
Place of publication, distribution, etc. New York :
Name of publisher, distributor, etc. Dial Books for Young Readers, an imprint of Penguin Group (USA)
Date of publication, distribution, etc. [2015]
264 #1 - PRODUCTION, PUBLICATION, DISTRIBUTION, MANUFACTURE, AND COPYRIGHT NOTICE
Place of production, publication, distribution, manufacture New York :
Name of producer, publisher, distributor, manufacturer Dial Books for Young Readers, an imprint of Penguin Group (USA) LLC,
Date of production, publication, distribution, manufacture, or copyright notice [2015]
300 ## - PHYSICAL DESCRIPTION
Extent 1 volume (unpaged) :
Other physical details color illustrations ;
Dimensions 24 cm
336 ## - CONTENT TYPE
Content type term text
Source rdacontent
336 ## - CONTENT TYPE
Content type term still image
Source rdacontent
337 ## - MEDIA TYPE
Media type term unmediated
Source rdamedia
338 ## - CARRIER TYPE
Carrier type term volume
Source rdacarrier
520 ## - SUMMARY, ETC.
Summary, etc. Illustrations and simple, rhyming text show different ways that peace can be found, made, and shared.
650 #0 - SUBJECT ADDED ENTRY--TOPICAL TERM
Topical term or geographic name as entry element Stories in rhyme
Form subdivision Juvenile literature.
650 #0 - SUBJECT ADDED ENTRY--TOPICAL TERM
Topical term or geographic name as entry element Peace
Form subdivision Juvenile fiction.
700 1# - ADDED ENTRY--PERSONAL NAME
Personal name Graegin, Stephanie,
Relator term illustrator.
942 ## - ADDED ENTRY ELEMENTS (KOHA)
Koha item type Libro/Book
Holdings
Withdrawn status Lost status Damaged status Not for loan Home library Current library Shelving location Date acquired Total Checkouts Full call number Barcode Date last seen Date checked out Price effective from Koha item type
        San Juan Del Sur -- Biblioteca San Juan Del Sur -- Biblioteca Children's Area 06/06/2017 10 CAJA BILINGUE 30024402 24/08/2022 25/07/2022 06/06/2017 Libro/Book

Powered by Koha